| 000 | 00000nam 2200000zi 4500 |
| 001 | 9.945285 |
| 003 | CaOODSP |
| 005 | 20241121094721 |
| 006 | m o d f |
| 007 | cr mn||||||||| |
| 008 | 241118s1971 onc o f000 0 eng d |
| 040 | |aCaOODSP|beng|erda|cCaOODSP |
| 043 | |an-cn--- |
| 086 | 1 |aCo41-1/7CE-PDF|zCo41-1/7C |
| 245 | 00|aReport on the relationship between the Department of Communications and the telecommunications carriers. |
| 246 | 34|aRelationship between Department of Communications and the telecommunications carriers |
| 264 | 1|aOttawa : |bDepartment of Communications, |c1971. |
| 300 | |a1 online resource (15 pages). |
| 336 | |atext|btxt|2rdacontent |
| 337 | |acomputer|bc|2rdamedia |
| 338 | |aonline resource|bcr|2rdacarrier |
| 490 | 1 |aTelecommission study ; |v7(c) |
| 500 | |aIssued also in French under title: Rapport sur les relations entre le ministère des Communications et les sociétés exploitantes de télécommunications. |
| 500 | |aDigitized edition from print [produced by Innovation, Science and Economic Development Canada]. |
| 650 | 0|aTelecommunication policy|zCanada. |
| 710 | 1 |aCanada. |bDepartment of Communications, |eissuing body. |
| 775 | 08|tRapport sur les relations entre le ministère des Communications et les sociétés exploitantes de télécommunications.|w(CaOODSP)9.945287 |
| 830 | #0|aTelecommission study ;|v7(c).|w(CaOODSP)9.927947 |
| 856 | 40|qPDF|s353 KB|uhttps://publications.gc.ca/collections/collection_2024/isde-ised/co41-1/Co41-1-7C-eng.pdf |